000 00857na a2200265 4500
001 21226
003 MIRAKIL
005 20181213155100.0
008 170202b tu 000 0
035 _a21149
040 _aMilas
_btur
_cTR-AnCHP
041 _atur
082 _a324.236
_bD63 [1991]
090 _a324.236 D63 [1991]
110 _aDoğru Yol Partisi (DYP)
245 _aDYP uygulaması
_bekonomide reformlar
_cDYP
260 _aAnkara
_bDYP
_c[1991]
300 _a[46] s.
_btbl.; şkl.
_c28 sm.
500 _aDış kapakta yapıt adı: Ekonomide reformlar kaynaklar ve çözümler
500 _aDış kapakta: 21 Ekim sabahı yeni bir Türkiye
610 _aDoğru Yol Partisi (DYP)
_xUygulamalar
_yEkonomi
650 _aSiyasal partiler
_xParti türleri
_yLiberal partiler
_zTürkiye
710 _aDoğru Yol Partisi
942 _2ddc
_cBKS
999 _c6218
_d6218